Release from phoniness. (Record no. 13031)

000 -LEADER
fixed length control field 00542nam a2200181 a 4500
001 - CONTROL NUMBER
control field :::00010849$&:&@@
003 - CONTROL NUMBER IDENTIFIER
control field OkBaRHE
005 - DATE AND TIME OF LATEST TRANSACTION
control field 20000607103403.0
008 - FIXED-LENGTH DATA ELEMENTS--GENERAL INFORMATION
fixed length control field s1968 j 000 0 eng u
040 ## - CATALOGING SOURCE
Transcribing agency
100 1# - MAIN ENTRY--PERSONAL NAME
Personal name Prater, Arnold.
245 10 - TITLE STATEMENT
Title Release from phoniness.
260 ## - PUBLICATION, DISTRIBUTION, ETC. (IMPRINT)
Place of publication, distribution, etc Waco, TX., :
Name of publisher, distributor, etc Word Books
Date of publication, distribution, etc c1968
300 ## - PHYSICAL DESCRIPTION
Extent 123 p. ;
Dimensions 22 cm.
650 ## - SUBJECT ADDED ENTRY--TOPICAL TERM
Topical term or geographic name as entry element Christian Life
General subdivision Methodist Authors
942 ## - ADDED ENTRY ELEMENTS (KOHA)
Source of classification or shelving scheme
Koha item type Books
Copies
Permanent Location Damaged status Price effective from Shelving location Full call number Withdrawn status Lost status Not for loan Koha item type Barcode Date acquired Copy number Source of classification or shelving scheme Date last seen
RHEMA Bible Training College 2010-04-14General StacksBV 4501.2 .P67   Books108492010-04-141 2010-04-14